000 00500nam a2200169Ia 4500
020 _a0 470 68704 3
082 _a658.47 BOR
100 _aBorodzicz, Edward P.
_95120
245 _aRisk, Crisis and Security Management
260 _aChichester:
260 _bJohn Wiley and Sons
260 _c2005
300 _axi, 244 p.
_b: ill. ; 24 cm.
500 _aIncludes bibliographical references and index
650 _aRisk managementCrisis managementIndustries-security measures
_97548
942 _cBK
999 _c6661
_d6661